Регионална библиотека "Любен Каравелов" - Русе

Лечебни масла (Запис номер 142598)

MARC детайли
000 -Лидер
Контролно поле с фиксирана дължина 02307nam a2200433 c 4500
003 - Код на организацията, давaща контролен номер
Контролно поле BLK
005 - Дата и час на последна редакция
Контролно поле 20221126131658.0
008 - Елементи от данни с фиксирана дължина
fixed length control field 180409b bul|||||r ||||||| ||bul||
010 ## - Наследен системен номер
LC control number KNG00148693000
020 ## - Международен стандартен номер на книга ISBN
Международен стандартен номер на книга ISBN 978-954-9886-91-7
-- издат.: Паритет
040 ## - Източник на каталожния запис
Идентификатор на билиотеката - собственик на записа BLK
041 ## - Код за език
Код за езика на текст/звукозапис или на отделно заглавие Български
Код за езика КДБФ Български
072 #7 - Код за тематичната категория
Код организация bullib
Код за тематична категория Н61
Текст Медицина Н
072 #7 - Код за тематичната категория
Код организация bullib
Код за тематична категория Л0101
Текст Билколечение. Природолечение. Народна медицина
080 ## - УДК
Текстов определител УДК Лекарствени средства от растителен произход. Подразделя се със знак за отношение :582; :633/635; :665.3
УДК код - определител по УДК 615.322
УДК определител (02.062)
УДК - код + определител 615.322(02.062)
080 ## - УДК
Текстов определител УДК Етеричномаслени растения. Ароматни, оцветителни, дъбилни, лекарствени растения
УДК код - определител по УДК 633.8
УДК определител (02.062)
УДК - код + определител 633.8(02.062)
100 1# - Редна дума - Автор
Автор Андреева, Юлия Игоревна
Авторска отговорност първи автор
R(LIN) 327679
139 ## - Редно поле
Редна дума Андреева, Юлия Игоревна
Авторски знак Андр - А 66
245 10 - Сведения за заглавието
Заглавие Лечебни масла
Подзаглавни данни Зехтин, слънчогледово олио, царевично, ленено, елхово и други масла
Редно поле (дума) Юлия Игоревна Андреева; прев. от рус. Детелин Момчилов Вълков.
257 ## - Страна на издаване
Страна на създаване/издаване Русия
260 ## - Област на издателските данни
-- София
Име на издателя, разпространителя и проч. Паритет
Година на издаване 2011
Печатница София : Анториери
300 ## - Физическа характеристика
Страници 124 с.
Илюстрации и др. с табл.
Размери/Мащаб 20 см
380 ## - Жанр
Жанр Медицина
500 ## - Общи забележки
Забележка Ориг. загл. Лечебные масла / Юлия Андреева. - Съдържа Предметен указател по вида заболяване.
650 #4 - Допълнително описание по предмет – тема
Основно описание – тема или топоним Растителни масла - приложение
9 (RLIN) 270839
650 #4 - Допълнително описание по предмет – тема
Основно описание – тема или топоним Етерични масла - приложение
9 (RLIN) 243514
653 ## - Ключова дума – ненормативна
Ключова дума растителни масла
653 ## - Ключова дума – ненормативна
Ключова дума етерични масла
653 ## - Ключова дума – ненормативна
Ключова дума зехтин
653 ## - Ключова дума – ненормативна
Ключова дума природолечение
659 ## - Тематичен бюлетин
Тематичен бюлетин Л
659 ## - Тематичен бюлетин
Тематичен бюлетин Н
700 1# - Други автори (авторска отговорност)
Лично име Вълков, Детелин Момчилов
Автороска отговорност (Описва отношението между автора и произведението) прев. от рус.
9 (RLIN) 370610
852 ## - Местоположение
Форматна сигнатура Цб 264097
856 4# - Електронен адрес и достъп
Електронен формат pdf - файл
Път до файла /url/
856 4# - Електронен адрес и достъп
Електронен формат pdf - файл
Път до файла /url/
942 ## - АРТИКУЛИ
Вид на библиотечния материал Книги
Скрит в OPAC Не
Koha issues (borrowed), all copies 3
944 ## - СЪЗДАВАНЕ И РЕДАКЦИЯ на ЗАПИСА
Създаване/Редакция Създаване
Дата на регистрацията/редакция 07.08.2013
Статус, дата на статуса ф /
Служител, извършил регистрацията/редакцията Людмила_Стоянова
944 ## - СЪЗДАВАНЕ И РЕДАКЦИЯ на ЗАПИСА
Създаване/Редакция Редакция
Дата на регистрацията/редакция 23.04.2015
Статус, дата на статуса ф /
Служител, извършил регистрацията/редакцията Людмила_Стоянова
999 ## - СИСТЕМНИ КОНТРОЛНИ НОМЕРА
Koha biblionumber 142598
Koha biblioitemnumber 142598
Наличности
Код за отписване Код за изгубен артикул Код за повреда Коз за рестрикции Код за отдаване Артикулен № Име на библиотеката - собственик Име на библиотеката, в която се намира в момента Статус (Текущо местоположение) Дата на вписване в системата Местоположение - отдел Цена в лева Инвентарен номер Систематично азбучна сигнатура Баркод Номер на екземпляра Цена в евро Служебна бележка Служебен тип на артикула Източник на класификационната схема
  Не е изгубен Не е повреден без рестрикции ползва се в читалня 236054 Регионална библиотека "Любен Каравелов" Русе Регионална библиотека "Любен Каравелов" Русе Хранилище 2013-08-08 Хранилище 7.99 120000768701 Цб 264097 120000768701 1 4.09 Дост: Dp Вид: Д N: 18 Дата: 02.05.2012 Книги  
  Не е изгубен Не е повреден без рестрикции заемане за дома 236055 Регионална библиотека "Любен Каравелов" Русе Регионална библиотека "Любен Каравелов" Русе Заемна - подръчен фонд 2014-02-13 Заемна - подръчен фонд 6.23 120000774617 П 615.3/А 66 120000774617 2 3.19 Дост: Pk Вид: Ф N: 270 Дата: 07.02.2014 Дата инв: 05.02.2018 Бележки инв: П2018 Книги  
  Не е изгубен Не е повреден без рестрикции заемане за дома 236056 Регионална библиотека "Любен Каравелов" Русе Регионална библиотека "Любен Каравелов" Русе Заемна - подръчен фонд 2014-06-12 Заемна - подръчен фонд 7.99 120000778131 П 615.3/А 66 120000778131 3 4.09 Дост: Pk Вид: Ф N: 400 Дата: 09.06.2014 Книги Universal Decimal Classification
  Не е изгубен Не е повреден без рестрикции заемане за дома 236057 Регионална библиотека "Любен Каравелов" Русе Регионална библиотека "Любен Каравелов" Русе Заемна - подръчен фонд 2014-06-12 Заемна - подръчен фонд 7.99 120000778132 П 615.3/А 66 120000778132 4 4.09 Дост: Pk Вид: Ф N: 400 Дата: 09.06.2014 Дата инв: 05.02.2018 Бележки инв: П2018 Книги  
  Не е изгубен Не е повреден без рестрикции заемане за дома 236058 Регионална библиотека "Любен Каравелов" Русе Регионална библиотека "Любен Каравелов" Русе Заемна - подръчен фонд 2015-02-12 Заемна - подръчен фонд 3.00 120000785219 П 615.3/А 66 120000785219 5 1.53 Дост: Pk Вид: Ф N: 424 Дата: 11.02.2015 Дата инв: 17.02.2018 Бележки инв: П2018 Книги  
Vip Innovations Ltd, Rousse, Bulgaria 2025